000 00218nam a22000857a 4500
008 161114b xxu||||| |||| 00| 0 eng d
100 _91174
_aMirza.L.
245 _aThe Joy of Mathematics-0
260 _aNew Delhi
_bFrank
_c2012
999 _c3883
_d3883